000 01439nam a2200385 a 4500
001 000109348
003 CHAP
005 20250812114142.0
008 140422s2013 mx a |sm |||||||spa|d
010 _a105810
011 _a106782
040 _cCHAP
090 _aTesis
100 1 _aAyala Rosas, Alma Rosa
_9126490
245 1 0 _aEfecto de ambiente, genotipo y procesamiento en la calidad para frituras de papa (Solanum tuberosum L.) del Estado de México
_h[En línea]
_cpor Alma Rosa Ayala Rosas y Celene Margot Torres Cervantes.
260 _aChapingo, Méx. :
_bEl autor,
_c2013.
500 _aPara ver el contenido del material haga clic en la liga
502 _aTesis (Ing. Agroindustrial ) -- UACH. Departamento de Ingeniería Agroindustrial
590 _aBATCH-UPD
_b05
_c20140422
_lUCH01
_h1400
590 _aBATCH-UPD
_b05
_c20141002
_lUCH01
_h0901
590 _aBATCH
_b00
_c20181121
_lUCH01
_h0758
590 _aE792CSJ
_b05
_c20140422
_lUCH01
_h1210
590 _aE792CSJ
_b05
_c20140422
_lUCH01
_h1210
590 _aE792CSJ
_b05
_c20140422
_lUCH01
_h1359
650 1 4 _aAlimentos fritos.
_9126521
650 1 7 _aFritura
_2
_943499
650 1 4 _aPapa
_xProductos.
_985278
650 1 4 _aPapa
_xVariedades.
_985300
700 1 _aTorres Cervantes, Celene Margot
_9126491
856 _a1
_n0000666
856 _aFinding aid
_uhttp://10.13.5.2/tesis/sist109348.pdf
_zTeclea aquí
901 _aBK
942 _cTESIS
942 _n0
999 _c105810
_d105810